Instrumentos internacionales de protección de los derechos humanos (Record no. 155319)

MARC details
000 -LEADER
fixed length control field 00507nam a22001577a 4500
005 - DATE AND TIME OF LATEST TRANSACTION
control field 20210617125526.0
008 - FIXED-LENGTH DATA ELEMENTS--GENERAL INFORMATION
fixed length control field 210317b cr ||||| |||| 00| 0 spa d
020 ## - INTERNATIONAL STANDARD BOOK NUMBER
International Standard Book Number 9968778249
050 04 - LIBRARY OF CONGRESS CALL NUMBER
Classification number K3238
Item number I57 1998
245 00 - TITLE STATEMENT
Title Instrumentos internacionales de protección de los derechos humanos
250 ## - EDITION STATEMENT
Edition statement 2a ed.
260 ## - PUBLICATION, DISTRIBUTION, ETC. (IMPRINT)
Place of publication, distribution, etc San José :
Name of publisher, distributor, etc Instituto Interamericano de Derechos Humanos,
Date of publication, distribution, etc 1998
300 ## - PHYSICAL DESCRIPTION
Extent 329 p. ;
Dimensions 20 cm.
650 #7 - SUBJECT ADDED ENTRY--TOPICAL TERM
Source of heading or term lemb
Topical term or geographic name as entry element Derechos Humanos (Derecho internacional)
942 ## - ADDED ENTRY ELEMENTS (KOHA)
Source of classification or shelving scheme Biblioteca del Cogreso de los Estados Unidos
Koha item type Libro
Holdings
Estado de pérdida Fuente de clasificación Estado del daño No para préstamo Ubicación permanente Ubicación actual Apartado o colección Fecha de adquisición Fuente de adquisición Edición Dependencia de educación superior (DES) Área del conocimiento Total Checkouts Clasificación Código de Barras Date last seen Número de copia Costo por reposición Tipo de recurso
  Biblioteca del Cogreso de los Estados Unidos     Biblioteca del Posgrado en Derecho Biblioteca del Posgrado en Derecho Colección Ernesto Villanueva 17/03/2021 Donación 2a ed. Derecho Ciencias Sociales y Administrativas   K3238 I57 1998 BPD000001380 17/03/2021 1 1.00 Libro